00593nam a2200193Ia 4500008004100000020001500041041000800056082001900064100001600083245006100099260004100160300000800201365001100209650002500220650002400245942001200269999001900281952009900300140306s9999 xx 000 0 und d a8185402124 aeng a338.16bSHA/TE aSharma, P K aTechnical change , income distribution and rural poverty aNew Delhibshipra publicationsc1992 a187 bRs.195 aAgricultural economy aIncome distribution 2ddccBK c182316d182316 00102ddc4070aKAUCBVbKAUCBVg195.00l0o338.16 SHA/TEr2014-03-22 00:00:00w2014-03-22yBK